Word games quiz / (Record no. 37691)

MARC details
000 -LEADER
fixed length control field 00726nam a22002057a 4500
005 - DATE AND TIME OF LATEST TRANSACTION
control field 20100726124045.0
010 ## - LCCN (DPL NO)
LC control number ENG-97003
020 ## - INTERNATIONAL STANDARD BOOK NUMBER
International Standard Book Number 8183161979
Terms of availability 70.00
035 ## - SYSTEM CONTROL NUMBER
System control number EN-80536
037 ## - SOURCE OF ACQUISITION
Source of stock number/acquisition DBAD/PUB
082 ## - DEWEY DECIMAL CLASSIFICATION NUMBER
Classification number 480.6
100 ## - MAIN ENTRY--PERSONAL NAME
Personal name Sarma, O.A.
245 ## - TITLE STATEMENT
Title Word games quiz /
Statement of responsibility, etc by O.A. Sarma [and] Chalapathi Rao I.V.
260 ## - PUBLICATION, DISTRIBUTION, ETC. (IMPRINT)
Place of publication, distribution, etc New Delhi
Name of publisher, distributor, etc Neelkamal Publications
Date of publication, distribution, etc 2008
270 ## - ADDRESS
Address BG5/9B, Pashim Vihar,
City New Delhi
Postal code 110063
300 ## - PHYSICAL DESCRIPTION
Extent 109p.
Dimensions 22cm (pbk)
700 ## - ADDED ENTRY--PERSONAL NAME
Personal name Rao, I.V. Chalapathi
9 (RLIN) 1447
942 ## - ADDED ENTRY ELEMENTS (KOHA)
Source of classification or shelving scheme Dewey Decimal Classification
Item type English Books
Classification part 480.6
Call number suffix SAR
Holdings
Withdrawn status Lost status Not for loan Collection code Home library Current library Date acquired Source of acquisition Cost, normal purchase price Full call number Barcode Copy number Cost, replacement price Koha item type
    Not For Loan Non-fiction D.B.Act.Division D.B.Act.Division 26/07/2010 DBAD/PUB 70.00 480.6 SAR EN-80536 1 70.00 English Books

© Delhi Public Library
Hit Counter
free hit counter